[Event "Hofheim Spring op-B 7th"]
[Site "Hofheim"]
[Date "2019.04.26"]
[Round "7"]
[White "Reinacher, Detlev"]
[Black "Schwichtenberg, Juergen"]
[Result "1/2-1/2"]
[WhiteElo "1691"]
[BlackElo "1738"]
[PlyCount "89"]
[EventDate "2019.04.23"]
[EventType "swiss"]
[EventRounds "9"]
[EventCountry "GER"]
[SourceTitle "CBM 190 Extra"]
[Source "ChessBase"]
[SourceDate "2019.07.15"]
[SourceVersion "1"]
[SourceVersionDate "2019.07.15"]
[SourceQuality "1"]

1. e4 d5 2. exd5 Nf6 3. Nf3 Nxd5 4. d4 Bg4 5. Be2 e6 6. 0-0 Be7 7. c4 Nf6 8. h3 Bh5 9. Nc3 c6 10. Bf4 0-0 11. Qd2 Bg6 12. c5 Nbd7 13. b4 a6 14. a4 Ne4 15. Nxe4 Bxe4 16. a5 Nf6 17. Ng5 Bg6 18. Nf3 h6 19. Ne5 Bh7 20. f3 Nh5 21. Bh2 f5 22. f4 g5 23. g3 Kg7 24. Rad1 Nf6 25. fxg5 Ne4 26. gxh6+ Kg8 27. Qa2 Qc8 28. Rd3 Bg5 29. g4 Bxh6 30. h4 Bg7 31. gxf5 Bxf5 32. Rdf3 Kh7 33. Bd3 Qd8 34. Bxe4 Qxd4+ 35. Qf2 Qxe4 36. Re3 Qxb4 37. Nf3 Qg4+ 38. Bg3 Bd4 39. Nxd4 Qxd4 40. Rb3 Qxf2+ 41. Rxf2 Rf7 42. Rfb2 Rg8 43. Kh2 Rgg7 44. Be5 Rg4 45. Bg3 1/2-1/2

[Event "Hofheim Spring op-B 7th"]
[Site "Hofheim"]
[Date "2019.04.25"]
[Round "5"]
[White "Roessler, Jens Hagen"]
[Black "Schwichtenberg, Juergen"]
[Result "1/2-1/2"]
[WhiteElo "1506"]
[BlackElo "1738"]
[PlyCount "40"]
[EventDate "2019.04.23"]
[EventType "swiss"]
[EventRounds "9"]
[EventCountry "GER"]
[SourceTitle "CBM 190 Extra"]
[Source "ChessBase"]
[SourceDate "2019.07.15"]
[SourceVersion "1"]
[SourceVersionDate "2019.07.15"]
[SourceQuality "1"]

1. d4 Nf6 2. Nf3 d5 3. c4 Bf5 4. Bg5 e6 5. e3 Be7 6. Be2 0-0 7. 0-0 h6 8. Bh4 c6 9. Nc3 Nbd7 10. Rc1 Re8 11. cxd5 Nxd5 12. Bxe7 Nxc3 13. Bxd8 Nxd1 14. Rfxd1 Rexd8 15. h3 Nb6 16. g4 Bh7 17. Ne5 Rd6 18. Nd3 Bxd3 19. Bxd3 Rad8 20. Rc3 Na4 1/2-1/2

[Event "Hofheim Spring op-B 5th"]
[Site "Hofheim"]
[Date "2017.04.10"]
[Round "7"]
[White "Schwichtenberg, Juergen"]
[Black "Reuter, Elisa"]
[Result "1/2-1/2"]
[WhiteElo "1745"]
[BlackElo "1604"]
[PlyCount "91"]
[EventDate "2017.04.07"]
[EventType "swiss"]
[EventRounds "9"]
[EventCountry "GER"]
[SourceTitle "CBM 178 Extra"]
[Source "ChessBase"]
[SourceDate "2017.06.22"]
[SourceVersion "1"]
[SourceVersionDate "2017.06.22"]
[SourceQuality "1"]

1. b4 e5 2. Bb2 d6 3. b5 Nf6 4. c4 Be6 5. e3 Nbd7 6. d4 Be7 7. Nf3 exd4 8. Nxd4 Bg4 9. Be2 Bxe2 10. Qxe2 0-0 11. Nf5 Ne5 12. 0-0 Qd7 13. Nxe7+ Qxe7 14. h3 Qe6 15. Nd2 Ng6 16. Qf3 Rab8 17. Bxf6 Qxf6 18. Qxf6 gxf6 19. Ne4 Kg7 20. Rac1 b6 21. Nc3 Rb7 22. Nd5 Ra8 23. Nb4 Ne5 24. Rfd1 Nd7 25. Na6 Nc5 26. Nxc5 bxc5 27. a4 Re8 28. g3 Rbb8 29. Rd5 Ra8 30. Rd3 a6 31. Rb3 axb5 32. axb5 Ra4 33. Rbc3 Re5 34. f4 Re8 35. Kf2 Rea8 36. g4 Rb4 37. Kf3 h6 38. Ke4 Rd8 39. Kd5 Ra8 40. Kc6 Ra7 41. f5 Rb2 42. Re1 Rd2 43. e4 Rda2 44. Rd1 Kf8 45. Rdd3 Ke7 46. Rb3 1/2-1/2

[Event "Hofheim Spring op-B 4th"]
[Site "Hofheim"]
[Date "2016.04.02"]
[Round "8"]
[White "Wachsmann, Elmar"]
[Black "Schwichtenberg, Juergen"]
[Result "0-1"]
[WhiteElo "1645"]
[BlackElo "1774"]
[PlyCount "87"]
[EventDate "2016.03.30"]
[EventType "swiss"]
[EventRounds "9"]
[EventCountry "GER"]
[SourceTitle "EXT 2018"]
[Source "ChessBase"]
[SourceDate "2017.10.13"]
[SourceVersion "1"]
[SourceVersionDate "2017.10.13"]
[SourceQuality "1"]

1. d4 Nf6 2. Nf3 d5 3. c4 c6 4. Nc3 Bg4 5. cxd5 Nxd5 6. Qb3 Qb6 7. Nxd5 Qxb3 8. Nc7+ Kd8 9. axb3 Kxc7 10. Ne5 Be6 11. Bf4 Kd8 12. b4 f6 13. Nd3 g5 14. Bxb8 Rxb8 15. Rxa7 Ke8 16. Nc5 Bc8 17. e3 b6 18. Nb3 e5 19. b5 Bb4+ 20. Kd1 Bb7 21. Bc4 c5 22. dxe5 fxe5 23. Ke2 h6 24. f3 Rh7 25. Bd5 Rc7 26. Bxb7 Rbxb7 27. Rxb7 Rxb7 28. Ra1 Rd7 29. Rd1 Rxd1 30. Kxd1 Ke7 31. e4 Kd6 32. Nd2 Bxd2 33. Kxd2 c4 34. Kc3 Kc5 35. b3 cxb3 36. Kxb3 Kxb5 37. g3 Kc5 38. Kc3 b5 39. Kb3 Kd4 40. Kb4 Ke3 41. Kxb5 Kxf3 42. Kc4 Kxe4 43. Kc3 Kf3 44. Kd3 0-1

[Event "GER-chB Seniors 26th"]
[Site "Bad Neuenahr"]
[Date "2014.08.12"]
[Round "8"]
[White "Weber, Gerhard"]
[Black "Schwichtenberg, Juergen"]
[Result "1/2-1/2"]
[WhiteElo "1870"]
[BlackElo "1786"]
[PlyCount "79"]
[EventDate "2014.08.05"]
[EventType "swiss"]
[EventRounds "9"]
[EventCountry "GER"]
[SourceTitle "EXT 2018"]
[Source "ChessBase"]
[SourceDate "2017.10.13"]
[SourceVersion "1"]
[SourceVersionDate "2017.10.13"]
[SourceQuality "1"]

1. e4 d5 2. exd5 Nf6 3. Nf3 Nxd5 4. d4 Bg4 5. Be2 e6 6. c4 Nf6 7. Nc3 Be7 8. 0-0 c6 9. h3 Bh5 10. Bf4 0-0 11. Qd2 Nbd7 12. Rad1 Bb4 13. Qc2 Bg6 14. Qb3 Bxc3 15. bxc3 Qc8 16. Nh4 Be4 17. f3 Bg6 18. Bd6 Re8 19. Nxg6 hxg6 20. c5 b5 21. a4 a6 22. c4 bxa4 23. Qxa4 e5 24. dxe5 Nxe5 25. f4 Ned7 26. Bf3 Ne4 27. Bxe4 Rxe4 28. Rb1 Re8 29. Rb2 Kh7 30. Rfb1 Rd8 31. Rb7 Nf6 32. Qc2 Qe6 33. Re7 Qc8 34. Rbb7 Rd7 35. Rbxd7 Nxd7 36. Rxf7 Nf6 37. Rc7 Qe8 38. Be5 Qe6 39. Qf2 Ne8 40. Qh4+ 1/2-1/2

[Event "Hofheim Spring op-B 1st"]
[Site "Hofheim"]
[Date "2013.04.04"]
[Round "4"]
[White "Schwichtenberg, Juergen"]
[Black "Fischer, Lutz"]
[Result "0-1"]
[WhiteElo "1809"]
[BlackElo "1651"]
[PlyCount "26"]
[EventDate "2013.04.02"]
[EventType "swiss"]
[EventRounds "9"]
[EventCountry "GER"]
[SourceTitle "EXT 2018"]
[Source "ChessBase"]
[SourceDate "2017.10.13"]
[SourceVersion "1"]
[SourceVersionDate "2017.10.13"]
[SourceQuality "1"]

1. b4 e5 2. Bb2 Bxb4 3. Bxe5 Nf6 4. c4 Nc6 5. Bb2 0-0 6. Nf3 d6 7. e3 Re8 8. Be2 Bg4 9. 0-0 Ne5 10. Nxe5 Bxe2 11. Qxe2 dxe5 12. d4 exd4 13. Bxd4 Qxd4 0-1

[Event "Hofheim Spring op-B 1st"]
[Site "Hofheim"]
[Date "2013.04.03"]
[Round "2"]
[White "Schwichtenberg, Juergen"]
[Black "Roessler, Jens Hagen"]
[Result "1/2-1/2"]
[WhiteElo "1809"]
[BlackElo "1627"]
[PlyCount "89"]
[EventDate "2013.04.02"]
[EventType "swiss"]
[EventRounds "9"]
[EventCountry "GER"]
[SourceTitle "EXT 2018"]
[Source "ChessBase"]
[SourceDate "2017.10.13"]
[SourceVersion "1"]
[SourceVersionDate "2017.10.13"]
[SourceQuality "1"]

1. b4 e5 2. Bb2 d6 3. b5 Nf6 4. e3 Be7 5. Nf3 c6 6. a4 Bg4 7. Be2 Nbd7 8. d4 e4 9. Nfd2 Bxe2 10. Qxe2 d5 11. 0-0 0-0 12. c4 Rb8 13. c5 Qc8 14. a5 cxb5 15. Qxb5 Qc6 16. Nc3 Ne8 17. Rfb1 Nc7 18. Qa4 Nf6 19. Bc1 Qe6 20. Nb5 Bd8 21. Nxa7 Qf5 22. Nf1 Ng4 23. Rb2 Bh4 24. Ng3 Bxg3 25. fxg3 h5 26. h3 Nf6 27. Qd1 Qg5 28. Qe1 Nd7 29. c6 bxc6 30. Nxc6 Rxb2 31. Bxb2 Nb5 32. Ba3 Ra8 33. Bb2 Qh6 34. Ne7+ Kh8 35. Nxd5 Qc6 36. Nc3 Nf6 37. Nxb5 Qxb5 38. Bc3 Nd5 39. Bd2 Qb2 40. Qd1 g6 41. Qc1 Qb3 42. Ra3 Qb5 43. Kf2 Ra6 44. Kg1 Rc6 45. Qd1 1/2-1/2

[Event "Karl Mala Memorial op 15th"]
[Site "Frankfurt"]
[Date "2012.07.08"]
[Round "6"]
[White "Schwab, Joerg"]
[Black "Schwichtenberg, Juergen"]
[Result "1/2-1/2"]
[WhiteElo "1400"]
[BlackElo "1820"]
[PlyCount "88"]
[EventDate "2012.07.05"]
[EventType "swiss"]
[EventRounds "7"]
[EventCountry "GER"]
[SourceTitle "CBM 149 Extra"]
[Source "ChessBase"]
[SourceDate "2012.08.24"]
[SourceVersion "1"]
[SourceVersionDate "2012.08.24"]
[SourceQuality "1"]

1. c4 e5 2. Nc3 Nf6 3. g3 Be7 4. Bg2 0-0 5. Nf3 d6 6. d4 exd4 7. Nxd4 c6 8. 0-0 Nbd7 9. Nf5 Ne5 10. Nxe7+ Qxe7 11. b3 h6 12. Bb2 Be6 13. Qd2 Rfd8 14. Rfd1 Ng6 15. Ba3 c5 16. Qc2 a6 17. Rd2 Qc7 18. Bb2 Ne8 19. Rad1 Rd7 20. Be4 Ne7 21. f4 f5 22. Bg2 Rad8 23. e4 b6 24. Bh3 g6 25. Nd5 Bxd5 26. cxd5 Ng7 27. Qc3 Nc8 28. Qf6 Rf7 29. Qc3 Kf8 30. exf5 gxf5 31. Qd3 Qd7 32. Qxa6 Re8 33. Re2 Rfe7 34. Rde1 Rxe2 35. Rxe2 Rxe2 36. Qxe2 Qe7 37. Bxg7+ Kxg7 38. Qe6 Qxe6 39. dxe6 Ne7 40. g4 fxg4 41. Bxg4 Kf6 42. Kf2 d5 43. Ke3 Nc6 44. f5 Nb4 1/2-1/2